Handling storms at sea the five secrets of heavy weather sailing
A look at the ocean; Responding with onboard controls; Responding with off-boat controls; Planning, chartwork, hurricanes, and fear
Shranjeno v:
| Glavni avtor: | |
|---|---|
| Format: | Knjiga |
| Jezik: | English |
| Izdano: |
Camden, Me.
International Marine / McGraw-Hill
2009
|
| Teme: | |
| Oznake: |
Označite
Brez oznak, prvi označite!
|
| Thư viện lưu trữ: | Mạng thư viện Đại học Đà Nẵng |
|---|
| LEADER | 01365nam a2200361 4500 | ||
|---|---|---|---|
| 001 | 000018529 | ||
| 003 | 14961 | ||
| 005 | 20131204161217.0 | ||
| 008 | 131119s2009 engsd | ||
| 020 | |a 9780071496483 (hbk. : alk. paper) | ||
| 041 | 0 | |a eng | |
| 082 | 1 | 4 | |a 797.124 |b RO-H |
| 100 | 1 | |a Roth, Hal |d 1927- | |
| 245 | 1 | 0 | |a Handling storms at sea |b the five secrets of heavy weather sailing |c Hal Roth |
| 246 | |a Five secrets of heavy weather sailing | ||
| 260 | |a Camden, Me. |b International Marine / McGraw-Hill |c 2009 | ||
| 300 | |a xii, 269 p. |b ill., maps |c 24 cm. | ||
| 504 | |a Includes bibliographical references and index. | ||
| 520 | 3 | |a A look at the ocean; Responding with onboard controls; Responding with off-boat controls; Planning, chartwork, hurricanes, and fear | |
| 650 | 0 | 4 | |a Sailing |
| 650 | 0 | 4 | |a Heavy weather seamanship |
| 653 | |a Thuyền buồm | ||
| 653 | |a Đua thuyền | ||
| OWN | |a LSP | ||
| AVA | |a UDN50 |b LSP |d 797.124 RO-H |e available |t Error 5001 Not defined in file expand_doc_bib_avail. |f 2 |g 0 |h N |i 0 |k 1 | ||
| 999 | |a From the UDN01 | ||
| AVA | |a UDN50 |b LSP |d 797.124 RO-H |e available |t Error 5001 Not defined in file expand_doc_bib_avail. |f 2 |g 0 |h N |i 0 |k 1 | ||
| TYP | |a Monograph | ||
| TYP | |a Printed language | ||
| 980 | |a Mạng thư viện Đại học Đà Nẵng | ||


